000
00338nam a22001457a 4500
008
221216b ||||| |||| 00| 0 eng d
020
_a
9781416001898
041
_a
eng
080
_2
10 EDITION
_a
615
082
_a
615ASP
100
_a
13
101
_a
FARMA
245
_a
INTRODUCTION TO PHARMACOLOGY
_c
ASPERHEIM K.M
942
_2
udc
_c
BK
999
_c
59200
_d
59200